000
00344 a2200157 4500
001
165785
020
_a
0-14-062252-7
040
_c
Magnum
100
_a
Shakespeare, William
240
1
0
_a
Much ado about nothing
_l
ING
245
1
0
_a
Much ado about nothing
300
_a
125
362
0
_a
1997
697
_a
LITERATURA INGLESA
942
_c
BK
999
_c
165785
_d
165785